In quale città è successo? #5 - Statistics

Statistiche generali
  • Questo quiz è stato fatto 80 volte
  • Il punteggio medio è 13 su 20
Statistiche sulle risposte
Data Evento Città % Corretto
1630 In città e nelle sue campagne infuria la peste manzoniana Milano
99%
1929 Il crollo della borsa valori sita in questa metropoli trascina il mondo nella Grande Depressione New York
99%
1945 Il 9 agosto, la seconda bomba atomica della storia viene sganciata sulla città Nagasaki
97%
1206 Un giovane San Francesco si spoglia pubblicamente dei suoi beni Assisi
94%
509 a.C. Il popolo caccia il sovrano Tarquinio il Superbo: la città diventa una repubblica Roma
94%
331 a.C. L'imperatore macedone Alessandro fonda la più importante delle città che portano il suo nome Alessandria d'Egitto
93%
1561 Filippo II di Spagna decide di spostare qui la capitale del suo regno Madrid
93%
1963 Il presidente americano John F. Kennedy viene assassinato davanti alla folla Dallas
77%
490 a.C. Da qui Fidippide inizia la sua leggendaria corsa verso Atene Maratona
74%
1849 La città insorge per dieci giorni contro l'occupazione austriaca, meritandosi l'appellativo di "Leonessa d'Italia" Brescia
62%
2014 La città insorge contro le leggi anti-protesta appena varate dal governo e chiede l'avvicinamento del paese all'Unione Europea Kiev
62%
1979 Lo scoppio della rivoluzione islamica porta al sequestro, per oltre un anno, di cinquantadue diplomatici americani Teheran
62%
2010 Scoppia la prima protesta che porterà al fenomeno della "primavera araba" Tunisi
54%
1864 Dodici paesi europei firmano qui la prima convenzione umanitaria che regola il trattamento dei feriti in guerra Ginevra
52%
1176 I comuni lombardi sconfiggono in battaglia l'imperatore Federico Barbarossa Legnano
51%
1533 Le truppe spagnole di Francisco Pizarro conquistano la capitale inca Cuzco
48%
1797 Francia e Austria firmano un trattato che pone fine alla millenaria indipendenza della Serenissima Repubblica di Venezia Campoformido
42%
1494 Spagna e Portogallo firmano un famoso trattato con cui si dividono il dominio del mondo Tordesillas
33%
1914 Davanti all'avanzata tedesca che minaccia Parigi, il governo francese si trasferisce qui Bordeaux
32%
380 L'imperatore romano Teodosio emana l'editto con cui rende il cristianesimo la religione ufficiale dell'Impero Salonicco
32%
Nessun quiz corrispondente trovato
Distribuzione punteggi
Percentuale di utenti per punteggio
Percentile per numero di risposta
I tuoi punteggi nel tempo
Non hai fatto questo quiz